The tremendous adventures of Major Gahagan (Record no. 166208)

MARC details
000 -LEADER
campo de control de longitud fija 00836nam a22002175i 4500
001 - NÚMERO DE CONTROL
campo de control 166208
003 - IDENTIFICADOR DE NÚMERO DE CONTROL
campo de control ES-MaACL
005 - FECHA Y HORA DE LA ÚLTIMA TRANSACCIÓN
campo de control 20250702063125.0
008 - DATOS DE LONGITUD FIJA--INFORMACIÓN GENERAL
campo de control de longitud fija 050913s1856 gw | |||||||| ||eng d
040 ## - FUENTE DE CATALOGACIÓN
Centro catalogador/agencia de origen CAM
Lengua de catalogación spa
Centro/agencia transcriptor CAM
100 1# - ENTRADA PRINCIPAL--NOMBRE DE PERSONA
Nombre de persona Thackeray, William Makepeace,
Fechas asociadas al nombre 1811-1863
9 (RLIN) 109858
245 14 - MENCIÓN DEL TÍTULO
Título The tremendous adventures of Major Gahagan
Resto del título : ; The fatal boots ; Ballads /
Mención de responsabilidad, etc. by W.M. Thackeray.
260 ## - PUBLICACIÓN, DISTRIBUCIÓN, ETC.
Lugar de publicación, distribución, etc. Leipzig :
Nombre del editor, distribuidor, etc. Bernhard Tauchnitz,
Fecha de publicación, distribución, etc. 1856.
300 ## - DESCRIPCIÓN FÍSICA
Extensión 320 p. ;
Dimensiones 16 cm.
490 1# - MENCIÓN DE SERIE
Mención de serie Collection of british authors ;
Designación de volumen o secuencia 345
490 1# - MENCIÓN DE SERIE
Mención de serie Miscellanies: prose and verse by W.M. Thackeray ;
Designación de volumen o secuencia 3
830 0# - PUNTO DE ACCESO ADICIONAL DE SERIE-TÍTULO UNIFORME
Título uniforme Collection of british authors ;
Designación de volumen o secuencia 345
9 (RLIN) 180703
830 0# - PUNTO DE ACCESO ADICIONAL DE SERIE-TÍTULO UNIFORME
Título uniforme Miscellanies: prose and verse by W.M. Thackeray ;
Designación de volumen o secuencia 3
9 (RLIN) 188606
852 ## - LOCALIZACIÓN
Ubicación ES-MaACL
Número de control de estantería G-12016(1)
Nota libre -- Enc. hol.
Holdings
Estatus retirado Estado de pérdida Estado de daño No para préstamo Colección Biblioteca de origen Biblioteca actual Ubicación en estantería Fecha de adquisición Fuente de adquisición Total de préstamos Signatura topográfica completa Código de barras Visto por última vez Precio de reemplazo Tipo de ítem Koha
        Libros del s. XIX Biblioteca del Ateneo de Madrid Biblioteca del Ateneo de Madrid Sala Pecera Planta 3 17/01/2008     G-12016(1) 1174307 23/02/2023 23/02/2023 Libro impreso antiguo